The splendour of the supreme mother Devi Bhagavatam : (Record no. 143364)
[ view plain ]
| 000 -LEADER | |
|---|---|
| fixed length control field | 00566nam a22001697a 4500 |
| 010 ## - LCCN (DPL NO) | |
| LC control number | ENG-119590 |
| 020 ## - INTERNATIONAL STANDARD BOOK NUMBER | |
| Terms of availability | 180.00 |
| International Standard Book Number | 8187062460 |
| 035 ## - SYSTEM CONTROL NUMBER | |
| System control number | EN-103122 |
| 037 ## - SOURCE OF ACQUISITION | |
| Source of stock number/acquisition | DBAD/PUB |
| 082 ## - DEWEY DECIMAL CLASSIFICATION NUMBER | |
| Classification number | 230.2 |
| 100 ## - MAIN ENTRY--PERSONAL NAME | |
| Personal name | Rao, V.V.B.Rama |
| 245 ## - TITLE STATEMENT | |
| Title | The splendour of the supreme mother Devi Bhagavatam : |
| Statement of responsibility, etc | by V.V.B.Rama Rao |
| Remainder of title | a compact condensed prose narrative / |
| 260 ## - PUBLICATION, DISTRIBUTION, ETC. (IMPRINT) | |
| Place of publication, distribution, etc | New Delhi |
| Name of publisher, distributor, etc | Richa Prakashan |
| Date of publication, distribution, etc | 200? |
| 270 ## - ADDRESS | |
| Address | D-36, South Extension Part-One, |
| City | New Delhi |
| Postal code | 110049 |
| 300 ## - PHYSICAL DESCRIPTION | |
| Extent | 192p.: |
| Dimensions | 22cm(pbk) |
| Other physical details | ill. |
| 942 ## - ADDED ENTRY ELEMENTS (KOHA) | |
| Source of classification or shelving scheme | Dewey Decimal Classification |
| Item type | English Books |
| Classification part | 230.2 |
| Call number suffix | RAO |
| Withdrawn status | Lost status | Not for loan | Collection code | Home library | Current library | Date acquired | Source of acquisition | Cost, normal purchase price | Full call number | Barcode | Copy number | Cost, replacement price | Koha item type |
|---|---|---|---|---|---|---|---|---|---|---|---|---|---|
| Non-fiction | R.K.Puram-8 | R.K.Puram-8 | 14/08/2017 | DBAD/PUB | 180.00 | 230.2 RAO | EN-103122 | 1 | 180.00 | English Books |
